№ 18; Сибирская старина; Сибирские татары; Мы разные, и в этом нет ничего плохого; О главнейшем народе Сибири; Земли и Неба дети; Мудрость древнего народа; Мусульмане Сибири. Хроника начала XX века; О ней писали пьесы; Тюрко-татарский педагогический; Русская княжна на баррикадах Парижа; У церкви был обширный приход; Зимний водопой и "теплая прорубь"; Наводнение в Томске; Азиаты мои, азиаты; И птичка вылетает; Загадка парабельской билингвы; Татарская слобода в Томске; Абаканские татары; Три экспоната музея "Заисток"; Касимовские татары; Чужую бороду драть - своей не жалеть; Предтеча; Сказки томских татар; Мост в неизведанное (биолокация); Наше слово
| Parent link: | Сибирская старина: краеведческий альманах/ Томский областной краеведческий музей; Томская областная библиотека им. А. С. Пушкина; гл. ред. Я. А. Яковлев. № 18.— , 1991-.— 5-7511-1529-5 |
|---|---|
| Corporate Author: | |
| Summary: | Дружбе народов посвящается |
| Language: | Russian |
| Published: |
Изд-во ТГУ, 2001
|
| TOC: | Н. Томилов, Сибирские татары; Л. Ф. Пичурин, Мы разные, и в этом нет ничего плохого; Г. Ф. Миллер, О главнейшем народе Сибири; сост. Ю. Ширин, Земли и Неба дети; С. Татауров, С. Тихонов, Мудрость древнего народа; Л. Кутилова [и др.], Мусульмане Сибири. Хроника начала XX века; М. Гарипов, О ней писали пьесы; Л. Муравьева, Тюрко-татарский педагогический; Ю. Попов, Русская княжна на баррикадах Парижа; Ю. Федоров, У церкви был обширный приход; П. Хандорин, Зимний водопой и "теплая прорубь"; сост. А. Казачков, Наводнение в Томске; А. Крылов, Азиаты мои, азиаты; Л. Лейкин, И птичка вылетает; Я. Яковлев, Загадка парабельской билингвы; П. Рачковский, Татарская слобода в Томске; Абаканские татары; Л. Муравьева, Три экспоната музея "Заисток"; Касимовские татары; В. Ханевич, Чужую бороду драть - своей не жалеть; Н. Кусаиров, Предтеча; Н. Томилов, Сказки томских татар; А. Г. Бакиров, Мост в неизведанное (биолокация); А. Крылов, Наше слово; |
| Subjects: | |
| Format: | Book |
| KOHA link: | https://koha.lib.tpu.ru/cgi-bin/koha/opac-detail.pl?biblionumber=30918 |
MARC
| LEADER | 00000nam2a2200000 4500 | ||
|---|---|---|---|
| 001 | 30918 | ||
| 005 | 20231030204211.0 | ||
| 035 | |a (RuTPU)RU\TPU\book\31194 | ||
| 035 | |a BOOK00031273 | ||
| 090 | |a 30918 | ||
| 100 | |a 20011209d2001 m y0rusy50 ca | ||
| 101 | 0 | |a rus | |
| 102 | |a RU | ||
| 105 | |a a z 000zy | ||
| 200 | 0 | |a № 18 | |
| 210 | |c Изд-во ТГУ |d 2001 | ||
| 215 | |a 49 с. |c ил. | ||
| 300 | |a Дружбе народов посвящается | ||
| 461 | 1 | |0 (RuTPU)RU\TPU\book\45354 |y 5-7511-1529-5 |t Сибирская старина |o краеведческий альманах |f Томский областной краеведческий музей; Томская областная библиотека им. А. С. Пушкина; гл. ред. Я. А. Яковлев |v № 18 |d 1991- | |
| 464 | |t Сибирские татары |f Н. Томилов | ||
| 464 | |t Мы разные, и в этом нет ничего плохого |f Л. Ф. Пичурин | ||
| 464 | |t О главнейшем народе Сибири |f Г. Ф. Миллер | ||
| 464 | |t Земли и Неба дети |f сост. Ю. Ширин | ||
| 464 | |t Мудрость древнего народа |f С. Татауров, С. Тихонов | ||
| 464 | |t Мусульмане Сибири. Хроника начала XX века |f Л. Кутилова [и др.] | ||
| 464 | |t О ней писали пьесы |f М. Гарипов | ||
| 464 | |t Тюрко-татарский педагогический |f Л. Муравьева | ||
| 464 | |t Русская княжна на баррикадах Парижа |f Ю. Попов | ||
| 464 | |t У церкви был обширный приход |f Ю. Федоров | ||
| 464 | |t Зимний водопой и "теплая прорубь" |f П. Хандорин | ||
| 464 | |t Наводнение в Томске |o 1890 |f сост. А. Казачков | ||
| 464 | |t Азиаты мои, азиаты |f А. Крылов | ||
| 464 | |t И птичка вылетает |f Л. Лейкин | ||
| 464 | |t Загадка парабельской билингвы |f Я. Яковлев | ||
| 464 | |t Татарская слобода в Томске |f П. Рачковский | ||
| 464 | |t Абаканские татары |o по "Татарике" М. Глухова | ||
| 464 | |t Три экспоната музея "Заисток" |f Л. Муравьева | ||
| 464 | |t Касимовские татары |o по "Татарике" М. Глухова | ||
| 464 | |t Чужую бороду драть - своей не жалеть |f В. Ханевич | ||
| 464 | |t Предтеча |f Н. Кусаиров | ||
| 464 | |t Сказки томских татар |f Н. Томилов | ||
| 464 | |t Мост в неизведанное (биолокация) |f А. Г. Бакиров | ||
| 464 | |t Наше слово |o [стихи] |f А. Крылов |a Крылов, Алоиз | ||
| 610 | 1 | |a история | |
| 610 | 1 | |a Сибирь | |
| 610 | 1 | |a Томск | |
| 610 | 1 | |a татары | |
| 610 | 1 | |a краеведение | |
| 610 | 1 | |a история | |
| 610 | 1 | |a мусульмане | |
| 610 | 1 | |a Сибирь | |
| 610 | 1 | |a альманахи | |
| 686 | |a Т3(2Р53) |a Ч611.68 |v LBC/SL-A |2 rubbk | ||
| 712 | 0 | 2 | |a Томский областной краеведческий музей |
| 801 | 0 | |a RU |b 63413507 |c 20011209 |g PSBO | |
| 801 | 2 | |a RU |b 63413507 |c 20220316 |g PSBO | |
| 942 | |c BK | ||